[Event "3rd Sharjah Masters 2019"]
[Site "Sharjah"]
[Date "2019.03.25"]
[Round "4.42"]
[White "Ravi, Thandalam Shanmugam"]
[Black "Mendonca, Leon Luke"]
[Result "0-1"]
[WhiteElo "2276"]
[BlackElo "2446"]
[Annotator "TA"]
[PlyCount "100"]
[EventDate "2019.03.22"]
[EventType "swiss"]
[EventCountry "UAE"]
[SourceTitle "playchess.com"]
[Source "ChessBase"]
[SourceQuality "1"]

{[%evp 23,100,10,8,4,19,9,100,-17,0,0,0,-14,-17,-16,-22,-18,-5,-13,-21,-45,-41,-41,-41,-47,-43,-50,-56,-52,-39,-39,-43,-52,-39,-45,-41,-81,-65,-132,-134,-262,-261,-290,-245,-295,0,-513,-481,-4770,-989,-892,-898,-905,-904,-894,-863,-824,-817,-825,-809,-2593,-2352,-2430,-1333,-6195,-12000,-29972,-29973,-29969,-29968,-29979,-29971,-29983,-29984,-29988,-29989,-29989,-29990,-29990,-29991]} 1. e4 c5 2. c3 d5 3. exd5 Qxd5 4. d4 Nf6 5. Nf3 Bg4 6. Be2 e6 7. O-O Nc6 8. h3 Bh5 9. Be3 cxd4 10. cxd4 Be7 11. Nc3 Qd6 12. Qb3 O-O 13. Rac1 {B22: Sicilian: 2 c3} (13. Rfd1 Rfd8 14. a3 a6 15. Na4 Nd5 16. Nc5 Rab8 17. Rac1 Nf4 18. Bxf4 Qxf4 19. Qe3 Bd6 20. g4 Bg6 21. Qxf4 Bxf4 22. Rc3 Bd6 {½-½ (41) Sjugirov,S (2647)-Dubov,D (2638) Ekaterinburg 2013}) 13... a6 14. Rfd1 {Threatening d5.} (14. Qxb7 $2 Na5 $19) 14... Rfd8 (14... b5 $11) 15. Na4 ({Don't go for} 15. Qxb7 $2 Na5 $19) (15. d5 $16 Nb4 16. g4) 15... Nd5 16. Nc5 b6 17. Ne4 $146 ({Predecessor:} 17. Nb7 Na5 18. Nxa5 bxa5 19. Qa4 Qb6 20. Bd2 Qxb2 21. Rc2 Qa3 22. Qxa3 Bxa3 23. Bxa5 {½-½ (56) Galunova,T (2091)-Abdumalik,Z (2193) Athens 2012}) 17... Qd7 18. Ne5 Nxe5 19. Bxh5 Nc6 20. Bf3 Rac8 21. Qd3 Ncb4 22. Qb1 Nxe3 23. fxe3 Rxc1 24. Rxc1 f5 $36 {[%mdl 2048] Black has some pressure.} 25. Nf2 $1 Bg5 26. Re1 Rc8 27. Re2 Qb5 28. a3 Nd5 {And now ...Nc3! would win.} 29. Bxd5 Qxd5 30. Re1 (30. Qd1 $15) 30... Qb3 $17 31. Nd3 (31. Qd3 $17 {keeps fighting.} Qxd3 32. Nxd3) 31... Rc2 $19 32. Qd1 {[#]} Bxe3+ $1 {[%mdl 576] Double Attack} 33. Kh1 {[#]} (33. Rxe3 Rxg2+) 33... f4 $2 {[#]} ({Worse is} 33... Bxd4 34. Nb4 $18) (33... Bd2 $1 $19 34. Nb4 Bxb4 35. axb4 Rxb2) 34. Nb4 $2 {[%mdl 8192] [#]} (34. d5 $1 $11 {[%mdl 512] and White stays safe.} exd5 (34... Qxd5 35. Qxc2) 35. Qh5) 34... Rc1 $1 {[%mdl 512]} 35. Qe2 {[#]} (35. Qxb3 $142 Rxe1+ 36. Kh2 Bg1+ 37. Kh1 Bxd4+ {[%mdl 64] Discovered Attack} 38. Kh2 Bg1+ 39. Kh1 Bd4+ 40. Kh2 Bg1+ 41. Kh1 Bf2+ 42. Kh2 Bg3+ 43. Qxg3 fxg3+ 44. Kxg3) 35... Qxb2 $1 {[%mdl 512]} 36. Qf1 (36. Qxb2 Rxe1+) 36... Qxa3 37. Rxc1 Qxc1 ({Less strong is} 37... Bxc1 38. Qc4 $17) 38. Qxc1 Bxc1 39. Nxa6 {[%mdl 4096] Endgame KB-KN} Be3 40. Nc7 Kf7 41. d5 exd5 42. Nxd5 Ke6 43. Nc3 Ke5 44. Kh2 Kd4 {Black mates.} 45. Nb5+ Kc5 46. Nc7 Kc4 47. Ne6 b5 {[%cal Bb6b5,Bb5b4,Bb4b3][%mdl 32]} 48. Nxg7 b4 49. Nf5 b3 50. Nd6+ Kb4 {Accuracy: White = 20%, Black = 73%.} 0-1

[Event "3rd Sharjah Masters 2019"]
[Site "Sharjah"]
[Date "2019.03.25"]
[Round "4.43"]
[White "Asgarizadeh, Ahmad"]
[Black "Panda, Sambit"]
[Result "1-0"]
[WhiteElo "2434"]
[BlackElo "2218"]
[Annotator "TA"]
[PlyCount "83"]
[EventDate "2019.03.22"]
[EventType "swiss"]
[EventCountry "UAE"]
[SourceTitle "playchess.com"]
[Source "ChessBase"]
[SourceQuality "1"]

{[%evp 13,83,35,50,46,24,0,0,0,3,0,13,0,0,-18,0,0,-11,-5,-12,-12,-4,-33,-9,-29,-25,-23,-23,-85,15,-86,16,-68,-48,-93,-9,-12,0,-36,0,0,0,-45,-39,-45,-55,-95,-99,-121,-123,-125,-125,-125,-125,-125,-125,-125,-125,-123,-75,-81,14,12,150,137,420,416,420,420,390,404,397,386]} 1. e4 e5 2. Nf3 Nc6 3. Bc4 Nf6 4. d3 Be7 5. O-O O-O 6. a4 d5 7. exd5 Nxd5 8. h3 {C55: Two Knights: 4 d3, 4 d4 exd4 5 e5 and Max Lange Attack} Kh8 9. Nbd2 f5 10. Re1 {The position is equal.} Bf6 $1 11. a5 a6 12. Nf1 Be6 13. c3 $146 ({Predecessor:} 13. Ng3 Qd7 14. c3 Bg8 15. Nh5 Bf7 {1-0 (52) Nevednichy,V (2537)-Fressinet,L (2619) Kallithea 2002}) 13... Bg8 14. Ng3 g6 15. Qb3 Qd6 16. Bh6 Bg7 17. Bxg7+ Kxg7 18. Red1 Nf4 19. Nf1 Bd5 20. N1d2 (20. Bxd5 $11 {keeps the balance.} Qxd5 21. Qxd5 Nxd5 22. g3) 20... Rab8 (20... Rfd8 $1 $17) 21. Re1 (21. Bxd5 $11 Qxd5 22. Qxd5 Nxd5 23. Nb3) 21... Rfe8 ({Black should try} 21... Bxc4 $17 22. Nxc4 Qd5) 22. Re3 (22. Bxd5 $11 Qxd5 23. Qxd5 Nxd5 24. Nc4) 22... Re7 23. Qa4 b5 (23... Rd8 $17) 24. axb6 $1 $11 cxb6 25. Qa3 Qxa3 (25... Qd8 {is more complex.} 26. Bb3 Rbb7 27. c4 Bxf3 28. Nxf3 Ra7) 26. Rxa3 b5 $36 {[%mdl 2048] Black has some pressure.} 27. Bxd5 Nxd5 28. Re1 a5 29. c4 {[#]} b4 $1 {[%cal Rb4a3]} 30. Raa1 Nf4 31. d4 {[#] Threatens to win with d5.} e4 $1 ({Weaker is} 31... exd4 32. Rxe7+ Nxe7 33. Rxa5 $14) 32. d5 exf3 33. dxc6 Rxe1+ 34. Rxe1 fxg2 $17 {[%mdl 4096] Endgame KRN-KRN} 35. Nf3 Kf6 36. Nd4 Rd8 ({Better is} 36... Rc8 $17 {...a4 is the strong threat.} 37. b3 h6) 37. c7 $11 Rc8 (37... Rg8 $11) 38. Nb5 $16 Ne6 $2 {[%mdl 8192]} (38... Nxh3+ $16 {was necessary.} 39. Kxg2 Nf4+ 40. Kf3 Nd3) 39. Nd6 $18 {White is winning.} Rxc7 {Strongly threatening ...Rc6.} 40. Ne8+ {[%mdl 64] Double Attack} Kf7 {Hoping for ...Rc6.} 41. Nxc7 Nxc7 42. Ra1 {Accuracy: White = 38%, Black = 38%.} 1-0

[Event "3rd Sharjah Masters 2019"]
[Site "Sharjah"]
[Date "2019.03.25"]
[Round "4.44"]
[White "Shyaamnikhil P"]
[Black "Shiva, Pavan Teja Sharma U"]
[Result "1-0"]
[WhiteElo "2429"]
[BlackElo "2093"]
[Annotator "TA"]
[PlyCount "45"]
[EventDate "2019.03.22"]
[EventType "swiss"]
[EventCountry "UAE"]
[SourceTitle "playchess.com"]
[Source "ChessBase"]
[SourceQuality "1"]

{[%evp 17,45,31,37,23,46,37,48,50,45,36,29,17,33,25,70,62,54,60,70,81,79,55,68,65,95,102,437,431,462,389]} 1. Nf3 Nf6 2. g3 d5 3. Bg2 e6 4. c4 Be7 5. d4 O-O 6. Qc2 dxc4 7. Qxc4 Nbd7 8. O-O c5 9. dxc5 Nxc5 10. Nc3 {E02: Open Catalan: 5 Qa4+} Bd7 11. Ne5 (11. b4 Na4 12. Nxa4 Bxa4 13. Bd2 Rc8 14. Qd4 Qxd4 15. Nxd4 Rfd8 16. e3 e5 17. Nf3 Ne4 18. Bc1 Bb5 {0-1 (18) Hoelzl,F (2334)-Boensch,U (2528) Austria 2013}) 11... Rc8 12. Nxd7 {White is slightly better.} Qxd7 13. Rd1 Qe8 $146 ({Predecessor:} 13... Qc7 14. Bf4 Qb6 15. Qb5 Qxb5 16. Nxb5 a6 17. Nd6 Bxd6 18. Bxd6 Rfe8 19. Bxc5 Rxc5 20. Bxb7 a5 21. Rac1 Rb5 22. Bc6 Rbb8 23. Bxe8 Rxe8 24. Rc5 {1-0 (24) Bagoly,J (2215)-Matyas,I Aggtelek 1997}) 14. Qf4 b6 15. Be3 Rd8 16. Rxd8 Qxd8 17. b4 {[%cal Bb2b4,Bb4a5,Ba5a6][%mdl 32]} Ncd7 18. Nb5 $36 {[%mdl 2048] Keeping Black busy.} a5 19. a3 e5 20. Qc4 Qb8 21. Rc1 Rd8 $2 {[%mdl 8192] [#]} (21... axb4 $16 22. axb4 Rd8) 22. bxa5 $1 $18 Bc5 23. a6 {Accuracy: White = 82%, Black = 21%.} 1-0

[Event "3rd Sharjah Masters 2019"]
[Site "Sharjah"]
[Date "2019.03.25"]
[Round "4.45"]
[White "Buksa, Nataliya"]
[Black "Paramzina, Anastasya"]
[Result "1-0"]
[WhiteElo "2416"]
[BlackElo "2196"]
[Annotator "TA"]
[PlyCount "117"]
[EventDate "2019.03.22"]
[EventType "swiss"]
[EventCountry "UAE"]
[SourceTitle "playchess.com"]
[Source "ChessBase"]
[SourceQuality "1"]

{[%evp 18,117,12,19,25,8,8,0,0,7,10,10,5,9,8,0,10,0,0,0,67,67,141,122,141,104,110,91,167,168,205,200,188,188,189,184,297,294,314,311,698,672,632,183,161,175,435,434,399,403,422,351,393,398,370,362,1381,1358,1393,762,827,578,826,587,587,587,587,575,555,547,631,628,543,429,669,596,1015,985,940,694,849,762,1564,1552,1500,1468,1307,1194,3164,3032,1753,1365,29939,7858,5700,5193,29989,29990,29990,29991,29992,29993]} 1. e4 c5 2. Nf3 d6 3. d4 cxd4 4. Nxd4 Nf6 5. Nc3 a6 6. Be3 e5 7. Nf3 Qc7 8. a4 Be7 9. Be2 O-O 10. O-O h6 {B90: Sicilian Najdorf: Unusual White 6th moves, 6 Be3 Ng4 and 6 Be3 e5} 11. Re1 (11. a5 Be6 12. Nd5 Nxd5 13. exd5 Bf5 14. c4 Nd7 15. b4 Rac8 16. Rc1 Bh7 17. Nd2 f5 18. f3 Bg5 19. Qb3 Kh8 {½-½ (41) Anand,V (2773)-Korobov,A (2698) St Petersburg 2018}) 11... Be6 12. a5 $146 ({Predecessor:} 12. Qd3 Nbd7 13. Nd2 Rac8 14. a5 Rfe8 15. Nf1 Bf8 16. f3 Qc6 {0-1 (75) Kralj,N (1671)-Kuhar,L (1769) Portoroz 2018}) 12... Nbd7 {The position is equal.} 13. Nd5 Nxd5 14. exd5 Bg4 15. c4 f5 16. b4 Bxf3 17. gxf3 Rae8 18. Rc1 f4 (18... Bh4 $11) 19. Bd2 $14 e4 ({Black should play} 19... Kh8 $14) 20. fxe4 $16 Bh4 21. Bc3 Qd8 22. Bf3 Qg5+ (22... Bf6 $16) 23. Kf1 $18 Ne5 24. c5 h5 25. Bxe5 Qxe5 26. cxd6 ({Not} 26. Bxh5 f3 $15) 26... g5 (26... Qxd6 $142 27. Qd4 (27. Bxh5 f3 $15) 27... Re5) 27. h3 ({Resist} 27. Bxh5 f3 $18) 27... g4 28. hxg4 hxg4 $2 (28... Qxd6 29. gxh5 Kh8) 29. Bxg4 f3 30. Bxf3 $2 (30. Bf5) 30... Qh2 {[%csl Gh4][%cal Rh2f2] [#]} 31. Rc2 {Bg2 is the strong threat.} Re5 $2 (31... Rc8 {was called for.} 32. Re3 Qh3+ 33. Ke2 Rxc2+ 34. Qxc2 Bxf2) 32. Qd3 Rg5 {( -> ...Qg1+)} 33. Qe3 Qxd6 34. Ke2 Rg7 35. Rh1 Bg5 36. Qb6 Qf4 $2 (36... Bf4 37. Rc4 Qxb6 38. axb6 Bb8) 37. Qe6+ Rgf7 38. Rh3 Kg7 39. Rg3 Kh7 40. Qg4 Qxg4 41. Bxg4 Rxf2+ 42. Kd3 Rxc2 43. Kxc2 {[%mdl 4096] Endgame KRB-KRB} Kg6 44. Bf5+ Kf6 45. Kd3 Rh8 (45... Bh4 $142) 46. d6 Bh4 47. Rg6+ Ke5 48. Re6+ Kf4 49. d7 Rg8 50. Re8 Rg1 51. Kc2 Rg2+ 52. Kc3 Bf6+ {[#]} 53. e5 $1 Bh4 (53... Bxe5+ 54. Rxe5) 54. Bd3 Rg7 55. e6 Bf6+ 56. Kc4 Ke5 57. e7 {White mates.} Rg4+ 58. Kb3 Rg3 59. d8=Q {Accuracy: White = 82%, Black = 38%.} 1-0

[Event "3rd Sharjah Masters 2019"]
[Site "Sharjah"]
[Date "2019.03.25"]
[Round "4.46"]
[White "Blagojevic, Tijana"]
[Black "Akshat, Khamparia"]
[Result "0-1"]
[WhiteElo "2206"]
[BlackElo "2415"]
[Annotator "TA"]
[PlyCount "98"]
[EventDate "2019.03.22"]
[EventType "swiss"]
[EventCountry "UAE"]
[SourceTitle "playchess.com"]
[Source "ChessBase"]
[SourceQuality "1"]

{[%evp 9,97,17,10,25,25,0,11,5,35,22,25,21,30,30,55,69,57,17,13,17,20,26,35,10,11,0,26,0,14,21,26,23,27,21,45,0,0,0,0,-14,0,0,0,-16,-12,-12,-17,-19,-10,-21,0,-14,0,-20,-11,-21,-8,-11,-8,-4,-6,-10,-10,-12,-19,-37,-8,-17,0,-1,0,-39,-37,-22,-22,-448,-34,-47,-25,-354,-26,-32,0,-364,-286,-278,-293,-228,-33,-29999]} 1. e4 c5 2. Nf3 d6 3. Bb5+ Nd7 4. O-O a6 5. Bd3 (5. Bxd7+ Bxd7 6. d4 cxd4 7. Qxd4 e5 8. Qd3 h6 9. a4 Nf6 10. a5 Be7 11. c4 b5 12. axb6 Qxb6 13. Nc3 O-O 14. Be3 Qb7 15. h3 Rfc8 16. Nd2 Be6 17. Rfb1 a5 18. b3 Ra6 19. Ra2 Bd7 20. Rba1 {½-½ (20) Wang,H (2730)-Nepomniachtchi,I (2763) St Petersburg 2018}) 5... Ngf6 6. Re1 {B51: Sicilian: Moscow Variation (3 Bb5+) without 3...Bd7} g6 7. a4 b6 8. c3 {The position is equal.} Bg7 9. Bc2 Bb7 10. d4 cxd4 $146 ({Predecessor:} 10... O-O 11. Nbd2 Qc7 12. Nf1 b5 {0-1 (52) Zapata Hincapie,J (2053)-Robson,R (2645) Columbus 2017}) 11. cxd4 e5 12. Nc3 O-O 13. dxe5 dxe5 14. Be3 Qe7 15. Nd2 Rfc8 16. h3 Qb4 17. Qb1 Bf8 18. Rd1 Qe7 19. Bb3 Nc5 20. Bc4 Kg7 21. Bg5 h6 22. Nd5 (22. Bh4 $14) 22... Bxd5 $1 $11 23. Bxf6+ $1 Qxf6 24. Bxd5 Rab8 {[%cal Ba8b8,Bb8b5,Bb5a5][%mdl 32]} 25. Ra3 {Strongly threatening Rf3.} Ne6 26. Bxe6 Qxe6 27. Rd3 b5 28. axb5 Rxb5 29. b3 Rcb8 30. Qa2 Bc5 31. Rc1 Bd4 32. Rc4 Qb6 {next ...Ra5 is good for Black.} 33. Rf3 $1 Ra5 34. Qc2 {aiming for Rc7.} Rc5 35. g3 Rbc8 36. Kg2 R8c7 37. Qd3 Rxc4 38. Nxc4 Qb4 39. Ne3 {Nd5 is the strong threat.} Rc6 40. Nd5 Qe1 41. Ne3 $1 Rc1 {[%csl Gc1][%cal Re1h1]} 42. Nf1 $2 {[%mdl 8192]} (42. Qf1 $11 {and White is okay.}) 42... Qa5 $2 (42... Rc3 $1 $19 {[%cal Rc3d3]} 43. Qd2 Qxe4) 43. g4 $15 Qa2 $36 {[%mdl 2048] Black has good play.} 44. Kg3 $2 {[%mdl 8192]} (44. Ng3 $1 $11 Rc2 45. Qf1) 44... Qa1 $2 (44... Rc3 $19 45. Qd2 Rc2) 45. Kg2 $1 $11 Qa2 $2 {[%mdl 8192]} (45... Qa5 $15) 46. Kg3 $19 Rc2 {[%cal Rd4f2]} 47. Ne3 Rc3 48. Qd1 Kg8 $2 ({Not} 48... Rxb3 $2 {[#]} 49. Qxb3 $1 {[%mdl 512]} Qxb3 50. Nf5+ $1 {[%mdl 576] Discovered Attack} gxf5 51. Rxb3 $18) ({Better is} 48... a5 $1 $19 {Hoping for ...Kf8.} 49. h4 Kg8) 49. Nd5 $2 {[%mdl 8192]} (49. b4 $15) 49... Qxf2# {Accuracy: White = 51%, Black = 33%.} 0-1

[Event "3rd Sharjah Masters 2019"]
[Site "Sharjah"]
[Date "2019.03.25"]
[Round "4.47"]
[White "Sundararajan, Kidambi"]
[Black "Bommini, Mounika Akshaya"]
[Result "1-0"]
[WhiteElo "2413"]
[BlackElo "2076"]
[Annotator "TA"]
[PlyCount "85"]
[EventDate "2019.03.22"]
[EventType "swiss"]
[EventCountry "UAE"]
[SourceTitle "playchess.com"]
[Source "ChessBase"]
[SourceQuality "1"]

{[%evp 9,85,30,30,13,29,35,22,27,26,32,25,18,43,30,74,41,45,56,50,38,37,48,46,49,46,37,56,28,71,36,154,106,108,57,243,37,52,41,38,33,122,75,58,54,64,30,225,116,117,108,177,185,283,137,150,125,127,137,110,97,352,341,334,331,366,339,2119,714,1666,1416,29991,621,29985,29986,29997,1120,29998,29999]} 1. c4 e5 2. Nc3 Nf6 3. e3 Bb4 4. Nge2 Nc6 (4... O-O 5. a3 Be7 6. d4 exd4 7. exd4 d5 8. Nf4 Re8 9. Be3 Ng4 10. Qf3 c5 11. O-O-O Nc6 12. Ncxd5 cxd4 13. Nxe7+ Rxe7 14. Bd2 Nce5 {1-0 (69) Rakhmanov,A (2629)-Aronian,L (2765) St Petersburg 2018}) 5. a3 Bxc3 6. Nxc3 {A22: English Opening: 1...e5 2 Nc3 Nf6} O-O 7. Be2 d5 8. cxd5 {The position is equal.} Nxd5 9. O-O Be6 10. Qc2 f5 $146 ({Predecessor:} 10... Qe7 11. b4 Rad8 12. Bb2 Nb6 13. Ne4 Bf5 14. d3 {0-1 (58) Cvetkovic,S (2352)-Czebe,A (2467) Arad 2013}) 11. b4 Nce7 12. Bb2 Ng6 13. Rac1 c6 14. Nxd5 Bxd5 15. f3 Qd7 16. Rf2 Rac8 17. Rcf1 b6 18. Bc3 Rc7 19. a4 (19. e4 $5 {[%cal Re4d5]}) 19... Rb8 (19... c5 $14 20. Bb5 Qe6 21. bxc5 Rxc5) 20. e4 Be6 {[#]} 21. Qb2 (21. h4 $1 $16 {[%mdl 512]}) 21... Qd6 $2 {[#]} (21... Rd8 $14) 22. d4 $2 ({White should try} 22. h4 $1 $18 {[%mdl 512]}) 22... exd4 $14 23. Bxd4 Rd8 24. Bc3 {And now f4 would win.} Rcd7 ({Black should play} 24... fxe4 $14 25. fxe4 Qe7) 25. exf5 Bxf5 26. Bc4+ Kh8 27. Re1 h5 $2 (27... Nf4 $11) 28. g3 ({Better is} 28. Rd2 $18 Qf4 29. Rxd7 Rxd7 30. Re8+ Kh7 31. Bg8+ Kh8 32. g3) 28... Kh7 $16 29. Qc1 Ne7 {[#]} (29... Nf8 $16 30. Qe3 (30. Qg5 Qg6 $16) 30... Qh6) 30. g4 $1 $18 {[%cal Rg4f5][%mdl 64] Decoy} ({Resist} 30. Qg5 $6 Qg6 $14) 30... hxg4 (30... Qg6 $142) 31. Qg5 $40 {[%mdl 128] White has strong attack.} (31. fxg4 $18 {is the precise move to win.} Qg6 32. h3) 31... Qh6 32. Qxh6+ Kxh6 33. fxg4 Bg6 34. Re3 {Kg2 is the strong threat.} Nc8 $2 {[%mdl 8192] [#]} (34... Rd1+ $16 {was worth a try.} 35. Kg2 Nd5 36. Bxd5 R1xd5) 35. g5+ $1 {[%mdl 512]} Kxg5 36. Be5 Rd1+ 37. Kg2 {Hoping for Bf4+.} Bb1 $2 (37... R8d4) 38. Bxg7 (38. Rg3+ $142 Kh6 39. Bxg7+ Kh7 40. Rf4) 38... Kg6 39. Bc3 {Threatening mate with Bf7+.} R8d6 40. Be6 (40. Rg3+ $142 Kh5 41. Be2+ Kh6 42. Rf4 R6d4 43. Bxd4 Rxd4 44. Rxd4 Bg6 45. Bd3) 40... Ne7 41. Rf6+ Kh7 42. Rf7+ (42. Rh3+ $142 Kg7 43. Rf7+ {[%mdl 64] Double Attack} Kg8 44. Rh8#) 42... Kg6 43. Rg7+ {Accuracy: White = 38%, Black = 23%.} 1-0

[Event "3rd Sharjah Masters 2019"]
[Site "Sharjah"]
[Date "2019.03.26"]
[Round "5.1"]
[White "Le, Quang Liem"]
[Black "Inarkiev, Ernesto"]
[Result "1/2-1/2"]
[WhiteElo "2715"]
[BlackElo "2692"]
[Annotator "TA"]
[PlyCount "57"]
[EventDate "2019.03.22"]
[EventType "swiss"]
[EventCountry "UAE"]
[SourceTitle "playchess.com"]
[Source "ChessBase"]
[SourceQuality "1"]

{[%evp 21,57,5,15,17,21,0,9,16,19,10,3,0,23,12,20,22,28,0,3,0,0,0,0,0,0,0,0,-12,0,0,0,0,0,0,0,0,0,0]} 1. e4 e5 2. Nf3 Nc6 3. Bb5 a6 4. Ba4 Nf6 5. O-O Be7 6. d3 b5 7. Bb3 d6 8. a4 Bd7 9. c3 Na5 10. Bc2 c5 11. Nbd2 {[%cal Bb1d2,Bd2f1,Bf1e3][%mdl 32]} O-O 12. Re1 {C55: Two Knights: 4 d3, 4 d4 exd4 5 e5 and Max Lange Attack} Nc6 13. h3 (13. Nf1 b4 14. Ne3 Rb8 15. d4 bxc3 16. bxc3 cxd4 17. cxd4 Re8 18. Ba3 exd4 19. Nxd4 Nb4 {½-½ (40) Sjugirov,S (2650)-Matlakov,M (2735) St Petersburg 2017}) 13... h6 14. Nf1 Be6 15. Ne3 Re8 16. Bb3 Bf8 17. Bxe6 $146 ({Predecessor:} 17. Bd5 Bxd5 18. exd5 Ne7 19. c4 bxc4 20. dxc4 Nd7 21. Qc2 g6 22. g4 {1-0 (59) Hoolt,S (2439)-Sieber,F (2287) Erfurt 2017}) 17... fxe6 18. Ng4 b4 19. Nxf6+ Qxf6 {The position is equal.} 20. Nh2 Be7 21. Re3 Kh7 22. Rf3 Qg6 23. Rg3 Qf7 24. Be3 bxc3 25. bxc3 Rab8 26. Rf3 Qg6 27. Rg3 Qf7 28. Rf3 Qg6 29. Rg3 {Accuracy: White = 75%, Black = 73%.} 1/2-1/2

[Event "3rd Sharjah Masters 2019"]
[Site "Sharjah"]
[Date "2019.03.26"]
[Round "5.2"]
[White "Wang, Hao"]
[Black "Iturrizaga Bonelli, Eduardo"]
[Result "1-0"]
[WhiteElo "2718"]
[BlackElo "2639"]
[Annotator "TA"]
[PlyCount "67"]
[EventDate "2019.03.22"]
[EventType "swiss"]
[EventCountry "UAE"]
[SourceTitle "playchess.com"]
[Source "ChessBase"]
[SourceQuality "1"]

{[%evp 19,67,12,22,25,39,40,54,58,60,19,54,52,57,75,97,110,83,115,116,116,109,103,90,92,89,110,110,105,103,105,101,85,106,99,116,83,115,83,226,225,296,303,310,301,302,276,284,287,324,309]} 1. d4 Nf6 2. c4 e6 3. g3 c5 4. d5 exd5 5. cxd5 g6 6. Nc3 Bg7 7. Nf3 O-O 8. Bg2 d6 9. O-O Na6 10. Bf4 Re8 11. Re1 {A62: Modern Benoni: Fianchetto Variation without early ...Nbd7} Bf5 12. Nd2 Nh5 13. e4 {White is slightly better.} Nxf4 14. gxf4 Bd7 15. Nc4 Qf6 16. e5 $1 {[%cal Re5f6]} Qxf4 {[%cal Rd6e5]} 17. Re4 $36 {[%mdl 2048] White has strong initiative.} Qh6 {[%cal Rd6e5]} 18. e6 $1 {[%cal Re6d7]} fxe6 19. Nxd6 {[%mdl 64] [#] Double Attack} Re7 $146 20. dxe6 $1 ({Don't play} 20. Nxb7 $6 Bd4 $11) 20... Bc6 21. Nd5 $1 {[%cal Rd5e7]} Bxd5 22. Qxd5 Rf8 23. Nf7 Qh5 24. Qxh5 $1 gxh5 25. Rd1 Nc7 26. Bh3 Bxb2 27. Nh6+ Kh8 28. Rd7 Rg7+ (28... Bf6 $16) 29. Kf1 $1 $18 Rxd7 30. exd7 {White has a decisive advantage.} Bf6 {[#]} 31. Rf4 $1 {[%cal Rf4f6] Rxf6! is the strong threat.} Kg7 32. Nf5+ Kg6 {[#]} 33. Nd6 $1 {[%cal Rd6e4]} Nd5 34. Rf3 {Accuracy: White = 100%, Black = 51%.} 1-0

[Event "3rd Sharjah Masters 2019"]
[Site "Sharjah"]
[Date "2019.03.26"]
[Round "5.3"]
[White "Zubov, Alexander"]
[Black "Fedoseev, Vladimir"]
[Result "1/2-1/2"]
[WhiteElo "2605"]
[BlackElo "2715"]
[Annotator "TA"]
[PlyCount "45"]
[EventDate "2019.03.22"]
[EventType "swiss"]
[EventCountry "UAE"]
[SourceTitle "playchess.com"]
[Source "ChessBase"]
[SourceQuality "1"]

{[%evp 22,37,17,17,18,17,14,16,11,15,18,22,12,19,24,21,37,24]} 1. d4 Nf6 2. c4 e6 3. Nf3 d5 4. Nc3 Nbd7 {[%cal Bb8d7,Bd7f8,Bf8e6,Be6g7,Bg7f5][%mdl 32]} 5. cxd5 exd5 6. Bg5 c6 7. Qc2 Be7 8. e3 Nf8 9. Bd3 Ne6 10. Bh4 g6 11. O-O O-O 12. Rab1 a5 {D36: Queen's Gambit Declined: Exchange Variation: Main line (5 Bg5 c6 6 Qc2)} 13. a3 {[%cal Ba2a3,Ba3b4,Bb4b5,Bb5c6][%mdl 32]} Ng7 14. b4 axb4 {The position is equal.} 15. axb4 Bf5 16. b5 Bxd3 17. Qxd3 Nf5 18. Bxf6 Bxf6 19. bxc6 {[#]} {Predecessor:} bxc6 $146 20. Rfc1 Ra3 21. Qc2 Qa8 22. Rb6 Ne7 23. Qb1 {½-½ (48) Khairullin,I (2637)-Zvjaginsev,V (2676) Belgorod 2010} 1/2-1/2

[Event "3rd Sharjah Masters 2019"]
[Site "Sharjah"]
[Date "2019.03.26"]
[Round "5.4"]
[White "Gupta, Abhijeet"]
[Black "Sargissian, Gabriel"]
[Result "1-0"]
[WhiteElo "2602"]
[BlackElo "2689"]
[Annotator "TA"]
[PlyCount "89"]
[EventDate "2019.03.22"]
[EventType "swiss"]
[EventCountry "UAE"]
[SourceTitle "playchess.com"]
[Source "ChessBase"]
[SourceQuality "1"]

{[%evp 18,89,12,10,19,5,9,7,4,3,6,-8,20,15,12,18,19,0,16,16,16,13,27,14,24,0,29,33,27,27,49,29,33,17,15,15,16,24,21,15,19,15,17,22,32,25,42,35,21,12,25,23,27,37,28,33,40,10,59,54,232,262,869,837,903,893,872,871,786,775,775,717,641,617]} 1. d4 d5 2. c4 e6 3. Nf3 Nf6 4. g3 Bb4+ 5. Bd2 Be7 6. Bg2 O-O 7. O-O c6 8. Qc2 Nbd7 9. Rd1 b6 10. Bf4 Ba6 {E08: Closed Catalan: Main Line: 7 Qc2} 11. Ne5 (11. cxd5 cxd5 12. Ne5 Nxe5 13. dxe5 Ng4 14. Bf3 f5 15. exf6 Nxf6 16. Qa4 Bb7 17. Nd2 Qe8 18. Qxe8 Rfxe8 {½-½ (29) Giri,A (2783)-Ding,L (2813) Wijk aan Zee 2019}) 11... Rc8 12. cxd5 Nxd5 {The position is equal.} 13. Nc3 Nxe5 14. Bxe5 Nxc3 15. bxc3 Bc4 16. Be4 h6 17. Bh7+ Kh8 18. Bd3 Bxd3 19. Rxd3 {[#]} b5 $146 20. c4 Kg8 21. a4 bxc4 22. Qxc4 a5 23. Rc1 Bb4 24. Bf4 Qb6 25. e4 Rfd8 26. Be3 Qb7 27. Rdd1 Ba3 28. Rb1 Bb4 29. h4 Qd7 30. Kg2 Kh8 31. Rbc1 f5 32. exf5 exf5 33. Qe2 Qd5+ 34. Qf3 Kg8 35. Rc2 Qxf3+ 36. Kxf3 Kf7 37. h5 Ke6 (37... c5 $5) 38. Rdc1 Kd7 $2 {[#]} (38... Kd5 $14) 39. d5 $1 $18 {[%mdl 512]} cxd5 $2 {[#]} (39... c5 40. Bxc5 Ke8) 40. Rxc8 $1 {White is clearly winning.} Rxc8 41. Rxc8 Kxc8 {KB-KB} 42. Bd4 Kd7 43. Bxg7 Bd2 44. Ke2 Bc1 45. Bc3 {Accuracy: White = 71%, Black = 38%.} 1-0